[Event "45th Guernsey Open 2019"]
[Site "Vale"]
[Date "2019.10.25"]
[Round "6.2"]
[White "Povah, Nigel E"]
[Black "Bianco, Valerio"]
[Result "1-0"]
[WhiteElo "2301"]
[BlackElo "2088"]
[Annotator "TA"]
[PlyCount "95"]
[EventDate "2019.10.20"]
[EventType "swiss"]
[EventCountry "GCI"]
[SourceTitle "playchess.com"]
[Source "ChessBase"]
[SourceQuality "1"]

{[%evp 9,95,-4,-3,-7,0,-9,2,-34,-36,-43,0,0,0,-34,0,0,-3,-6,35,45,52,30,41,38,61,69,127,107,119,85,91,83,100,80,101,106,256,80,67,81,131,131,118,131,234,149,146,105,114,120,108,110,142,124,122,0,-27,-26,0,0,60,46,91,0,131,51,51,58,75,0,52,0,0,0,0,0,0,0,0,0,0,0,216,225,5081,2440,1181,1113]} 1. d4 d5 2. Bf4 Nf6 3. e3 e6 4. Nd2 Bd6 5. Bg3 O-O 6. Bd3 {D00: 1 d4 d5: Unusual lines} (6. Ngf3 b6 7. c3 c5 8. Bd3 Ba6 9. Bxa6 Nxa6 10. O-O Bxg3 11. hxg3 Qc7 12. Qe2 Nb8 13. e4 dxe4 14. Nxe4 Nbd7 {1-0 (55) Duda,J (2738)-Giri,A (2783) St Petersburg 2018}) 6... c5 7. c3 Qc7 8. Bh4 {The position is equal.} Nbd7 9. f4 b6 10. Ngf3 Bb7 11. Qb1 $146 ({Predecessor:} 11. Ne5 Ne4 12. Nxe4 dxe4 {0-1 (42) Shvyrjov,I (2450)-Narva,M (2058) Viljandi 2014}) 11... g6 12. Ne5 Ne8 13. O-O c4 14. Bc2 f5 15. Ndf3 b5 16. Qe1 Ndf6 17. Bg5 Ng7 (17... Qg7 $14) 18. Bxf6 $16 Rxf6 19. Qh4 Ne8 20. g4 Qe7 21. Rf2 Rf8 22. Ng5 Nf6 {[#]} (22... Bc8 $16 {might work better.}) 23. gxf5 $2 (23. Nxe6 $1 $18 {[%mdl 512] and the rest is easy.} Nxg4 (23... Qxe6 24. gxf5) 24. Qxe7 Bxe7 25. Nxg4 (25. Nxf8 Nxe5 26. dxe5 Rxf8 $16) 25... fxg4 26. Nxf8 Rxf8 27. Rg2) 23... exf5 24. Rg2 {aiming for Bxf5!} Bxe5 25. fxe5 Ne4 26. Rf1 Rae8 (26... Nxg5 $16 27. Rxg5 (27. Qxg5 Qxg5 28. Rxg5 Kf7 $14) 27... Kh8) 27. Rf3 Bc8 28. Qf4 (28. Bxe4 fxe4 29. Rf6 Bf5 $16) 28... Nxg5 29. Rxg5 Kh8 30. Rfg3 Be6 31. a3 Rg8 32. Rh3 (32. Rg2 $16) 32... a5 $11 33. Rhg3 Qf7 34. Qh4 Rg7 (34... b4 $11) 35. Rg2 Re7 36. Qf4 (36. Kh1 $16) 36... Kg8 (36... h6 $11 37. R5g3 g5) 37. h4 (37. R5g3 $16) 37... h6 $14 38. R5g3 Kh7 $1 39. Kh2 (39. Rf3 $16) 39... Qf8 (39... Re8 $11) 40. Rf3 (40. e4 $1 $14) 40... Ref7 $11 41. Rfg3 Qe7 42. Kg1 b4 43. axb4 axb4 44. cxb4 Qxb4 45. Qf1 Qxb2 $2 {[#]} (45... Qf8 $11 {and Black stays safe.}) 46. h5 $1 $18 {[%cal Rh5g6][%mdl 512]} gxh5 $2 {[#]} (46... g5) 47. Bxf5+ $1 {[%mdl 512]} Bxf5 {[#]} 48. Qxf5+ $1 {[%mdl 512] Accuracy: White = 66%, Black = 35%.} 1-0

[Event "45th Guernsey Open 2019"]
[Site "Vale"]
[Date "2019.10.25"]
[Round "6.3"]
[White "Baker, Chris W"]
[Black "Collier, David O"]
[Result "1-0"]
[WhiteElo "2245"]
[BlackElo "2009"]
[Annotator "TA"]
[PlyCount "71"]
[EventDate "2019.10.20"]
[EventType "swiss"]
[EventCountry "GCI"]
[SourceTitle "playchess.com"]
[Source "ChessBase"]
[SourceQuality "1"]

{[%evp 9,71,10,20,3,16,6,10,10,26,25,59,53,93,108,120,105,119,120,124,106,135,119,156,103,108,92,98,69,81,72,68,72,79,52,45,-22,-14,-22,0,-24,-37,-40,-44,-154,-102,-113,-101,-89,47,-15,0,-24,0,0,0,0,0,0,0,0,518,150,29989,29990]} 1. d4 d5 2. Nf3 Nf6 3. c4 c6 4. e3 e6 5. Qc2 Be7 6. Nbd2 {D30: Queen's Gambit Declined: Systems without Nc3} O-O 7. b3 (7. Bd3 c5 8. cxd5 exd5 9. dxc5 Qa5 10. Ke2 Na6 11. Nb3 Qa4 12. Bd2 Ne4 13. Rhc1 Naxc5 14. Nxc5 Qxc2 15. Bxc2 Nxc5 {½-½ (26) Sorokin,A (2524)-Timofeev,A (2589) Khanty-Mansiysk 2018}) 7... Nbd7 8. Bb2 {The position is equal.} Re8 9. Bd3 Nf8 10. O-O Bd7 $146 ({Predecessor:} 10... Ng6 11. Ne5 Bf8 12. Nxg6 hxg6 13. Nf3 {0-1 (34) Fekhar,Y-Kadiri,M (1962) Algiers 2014}) 11. Ne5 Rc8 12. Ndf3 {And now Ng5 would win.} h6 13. c5 Ra8 14. b4 a6 15. Rfc1 Qc7 16. Nd2 ({Better is} 16. g4) 16... Rec8 $16 17. f4 Be8 18. Rf1 N6d7 19. Bc3 f6 20. Nxd7 Nxd7 21. f5 e5 $1 22. e4 (22. Be2 $14) 22... exd4 23. Bxd4 Bf7 24. exd5 cxd5 25. Rae1 Bf8 26. Re6 (26. Nb3 $15) 26... Bxe6 (26... a5 $142 27. a3 axb4 28. axb4 b6) 27. fxe6 $17 Ne5 28. Bf5 Be7 (28... a5 $17 {Strongly threatening ...Nc6.} 29. e7 Bxe7 30. Bxc8 Rxc8) 29. Nb3 {[#]} (29. Qd1 $14) 29... a5 $1 30. Nxa5 (30. Qd2 {keeps more tension.} axb4 31. Bb1 f5 32. Rxf5 Ng4 33. Rf4) 30... Rxa5 (30... b6 {feels hotter.} 31. Nb3 bxc5 32. bxc5 Ra4 33. Kh1 Rb8) 31. bxa5 Bxc5 32. Qxc5 Qxc5 33. Bxc5 Rxc5 $11 {KRB-KRN} 34. Rb1 g6 $2 {[%mdl 8192] [#]} (34... Kf8 $11 {and Black is okay.}) 35. Rxb7 $2 (35. a6 $1 $18 {[%cal Ra6b7] is the precise move to win.} Rc8 36. axb7) 35... Rxa5 $2 (35... Rc1+ $16 36. Kf2 Kf8) 36. Rb8+ {Accuracy: White = 26%, Black = 31%.} 1-0

[Event "45th Guernsey Open 2019"]
[Site "Vale"]
[Date "2019.10.25"]
[Round "6.4"]
[White "Purdon, Colin"]
[Black "Havenaar, Jan"]
[Result "1/2-1/2"]
[WhiteElo "1993"]
[BlackElo "2091"]
[Annotator "NA"]
[PlyCount "48"]
[EventDate "2019.10.20"]
[EventType "swiss"]
[EventCountry "GCI"]
[SourceTitle "playchess.com"]
[Source "ChessBase"]
[SourceQuality "1"]
[TimeControl "40/6000+30:2400+30"]

1. d4 {[%emt 0:00:00]} g6 {[%emt 0:00:00]} 2. c4 {[%emt 0:00:00]} Bg7 {[%emt 0:00:10]} 3. Nc3 {[%emt 0:01:08]} c5 {[%emt 0:00:54]} 4. d5 {[%emt 0:00:36]} d6 {[%emt 0:01:26]} 5. e4 {[%emt 0:00:55]} Nf6 {[%emt 0:06:56]} 6. Bd3 {[%emt 0:03:41]} O-O {[%emt 0:02:42]} 7. h3 {[%emt 0:02:17]} e6 {[%emt 0:00:33]} 8. Nf3 {[%emt 0:02:17]} exd5 {[%emt 0:17:46]} 9. exd5 {[%emt 0:01:18]} Re8+ {[%emt 0:01:46]} 10. Be3 {[%emt 0:01:28]} Nbd7 {[%emt 0:00:11]} 11. O-O {[%emt 0:01:06]} Ne5 {[%emt 0:00:06]} 12. Nxe5 {[%emt 0:03:33]} Rxe5 {[%emt 0:00:09]} 13. Bf4 {[%emt 0:03:08]} Re8 {[%emt 0:10:40]} 14. Qd2 {[%emt 0:03:33]} Nh5 {[%emt 0:01:37]} 15. Bh2 {[%emt 0:01:52]} Be5 {[%emt 0:02:02]} 16. Bxe5 {[%emt 0:03:10]} dxe5 {[%emt 0:05:40]} 17. Qh6 {[%emt 0:13:19]} f5 {[%emt 0:05:35]} 18. Rfe1 {[%emt 0:10:27]} a6 {[%emt 0:12:22]} 19. Rad1 {[%emt 0:04:38]} Qd6 {[%emt 0:00:52]} 20. Bxf5 {[%emt 0:21:32]} Bxf5 {[%emt 0:00:20]} 21. g4 {[%emt 0:00:08]} Ng7 {[%emt 0:04:32]} 22. gxf5 {[%emt 0:00:12]} Nxf5 {[%emt 0:00:05]} 23. Ne4 {[%emt 0:04:34]} Qd8 {[%emt 0:01:25]} 24. Qg5 {[%emt 0:00:50]} Qxg5+ 1/2-1/2

[Event "45th Guernsey Open 2019"]
[Site "Vale"]
[Date "2019.10.25"]
[Round "6.5"]
[White "Curtis, John"]
[Black "Wager, John D"]
[Result "0-1"]
[WhiteElo "2292"]
[BlackElo "2013"]
[Annotator "TA"]
[PlyCount "68"]
[EventDate "2019.10.20"]
[EventType "swiss"]
[EventCountry "GCI"]
[SourceTitle "playchess.com"]
[Source "ChessBase"]
[SourceQuality "1"]

{[%evp 12,68,1,0,9,10,41,6,49,30,106,96,107,110,152,149,215,209,206,212,211,183,276,276,325,343,362,349,368,349,326,307,502,379,377,364,413,312,324,291,277,189,179,182,147,39,38,24,24,30,60,62,57,45,68,0,0,-744,-738]} 1. d4 Nf6 2. Nf3 d5 3. e3 g6 4. c4 Bg7 5. Nc3 O-O 6. Bd3 dxc4 7. Bxc4 Nbd7 {D94: Grünfeld: 4 Nf3 Bg7 5 e3} (7... c5 8. d5 Bg4 9. O-O Nbd7 10. Be2 Ne8 11. e4 Nd6 12. Bg5 Bxc3 13. bxc3 Nxe4 14. Bd2 Ndf6 15. c4 Nxd2 16. Qxd2 {½-½ (85) Miton,K (2588)-Mchedlishvili,M (2610) St Petersburg 2018}) 8. O-O a6 9. a4 e6 {The position is equal.} 10. Qe2 $146 ({Predecessor:} 10. Re1 b6 11. b4 Bb7 12. Bd2 Qe7 13. b5 axb5 14. Nxb5 c6 15. Nc3 e5 16. h3 e4 17. Nh2 {0-1 (47) Marquardt,F-Klewin,O (1742) Hamburg 2002}) 10... c6 (10... c5 $11 {keeps the balance.}) 11. e4 $16 c5 12. dxc5 Nxc5 13. e5 {[#] Bg5 is the strong threat.} Ng4 (13... Ne8 $16 {keeps fighting.} 14. Bg5 Qc7) 14. h3 $18 Nh6 15. Bg5 Qc7 16. Rac1 $36 {[%mdl 2048] White is really pushing.} Kh8 (16... Bd7 $142 17. g4 Kh8) 17. Ba2 {Hoping for Ne4.} Qa5 18. Qc4 Nd7 19. b4 Qb6 20. a5 Qa7 21. Ne4 Ng8 $2 (21... b5 22. Qd3 Qb8) 22. Qc7 Qb8 23. Nd6 h6 24. Bf4 Ne7 25. Rfd1 Nc6 26. Rxc6 bxc6 27. Qxc6 {Threatens to win with Rc1.} Ra7 {[#]} 28. Rc1 (28. Nh4 $1 $16 {aiming for Bxe6!} Kh7 29. Qe4) 28... Bb7 $1 $14 {[%cal Rb7c6]} 29. Qxd7 Bxf3 $1 30. Qa4 Be2 31. Qc2 {[%mdl 1024] White has compensation.} Bb5 $1 32. Qc5 ({But not} 32. Nxb5 $6 Qxb5 33. Be3 Rd7 $11) 32... Kh7 33. Be3 ({Better is} 33. Bb1 $14) 33... Rd7 $1 $11 34. Qc3 $2 {[%mdl 8192]} (34. Bf4 $11) 34... Rxd6 $1 {[%mdl 64] Pin. Accuracy: White = 58%, Black = 34%.} 0-1

[Event "45th Guernsey Open 2019"]
[Site "Vale"]
[Date "2019.10.25"]
[Round "6.6"]
[White "Van den Boogaart, Jan Maarten"]
[Black "Kwossek, Georg"]
[Result "0-1"]
[WhiteElo "2039"]
[BlackElo "1984"]
[Annotator "NA RC"]
[PlyCount "70"]
[EventDate "2019.10.20"]
[EventType "swiss"]
[EventCountry "GCI"]
[SourceTitle "playchess.com"]
[Source "ChessBase"]
[SourceQuality "1"]
[TimeControl "40/6000+30:2400+30"]

1. e4 {[%emt 0:00:00]} d6 {[%emt 0:00:00]} 2. d4 {[%emt 0:00:00]} Nf6 {[%emt 0:00:00]} 3. Nc3 {[%emt 0:00:00]} e5 {[%emt 0:00:00]} 4. Nf3 {[%emt 0:00:14]} Nbd7 {[%emt 0:00:00]} 5. Bc4 {[%emt 0:00:22]} Be7 {[%emt 0:00:00]} 6. O-O {[%emt 0:00:32]} O-O {[%emt 0:00:02]} 7. Re1 {[%emt 0:00:42]} c6 {[%emt 0:00:04]} 8. a4 {[%emt 0:00:55]} a5 {[%emt 0:00:04]} 9. Ba2 {[%emt 0:00:54]} exd4 {[%emt 0:00:26]} 10. Nxd4 {[%emt 0:01:03]} Nc5 {[%emt 0:00:12]} 11. h3 {[%emt 0:08:24]} Qb6 {[%emt 0:04:02]} 12. Qf3 {[%emt 0:10:14]} Qb4 {[%emt 0:25:57]} 13. Nf5 {[%emt 0:27:21]} Bxf5 {[%emt 0:00:26]} 14. Qxf5 {[%emt 0:01:27]} g6 {[%emt 0:09:31]} 15. Qf3 {[%emt 0:00:57]} Ne6 {[%emt 0:07:32]} 16. Bh6 {[%emt 0:10:04]} Nd4 {[%emt 0:10:15]} 17. Qd3 {[%emt 0:01:12]} Rfe8 {[%emt 0:05:01]} 18. Bd2 {[%emt 0:10:40]} c5 {[%emt 0:01:15]} 19. Nd5 {[%emt 0:15:59]} Qxb2 {[%emt 0:10:15]} 20. c3 {[%emt 0:10:49]} Qc2 {[%emt 0:03:26]} 21. Nxf6+ {[%emt 0:03:38]} Bxf6 {[%emt 0:00:26]} 22. Qc4 {[%emt 0:01:33]} Re7 {[%emt 0:03:12]} 23. Bf4 {[%emt 0:01:43]} d5 {[%emt 0:04:25]} 24. exd5 {[%emt 0:00:50]} Ne2+ {[%emt 0:02:19]} 25. Kf1 {[%emt 0:00:04]} Qxc3 {[%emt 0:09:55]} 26. d6 {[%emt 0:00:02]} Re6 {[%emt 0:01:21]} 27. Qxc3 {[%emt 0:02:34]} Bxc3 {[%emt 0:01:37]} 28. Bxe6 {[%emt 0:00:22]} Nxf4 {[%emt 0:03:02]} 29. Bc8 {[%emt 0:00:52]} Bxa1 {[%emt 0:05:32]} 30. d7 {[%emt 0:00:08]} Bf6 {[%emt 0:00:13]} 31. Re8+ {[%emt 0:00:37]} Kg7 {[%emt 0:00:05]} 32. Bxb7 {[%emt 0:00:57]} Rd8 {[%emt 0:00:13]} 33. Bc8 {[%emt 0:00:49]} Ne6 {[%emt 0:00:31]} 34. f4 {[%emt 0:00:21]} Nxf4 {[%emt 0:00:32]} 35. Re4 {[%emt 0:00:12]} Ne6 {[%emt 0:00:29]} 0-1

[Event "45th Guernsey Open 2019"]
[Site "Vale"]
[Date "2019.10.25"]
[Round "6.7"]
[White "Van Dijk, Bram"]
[Black "Dilleigh, Stephen P"]
[Result "0-1"]
[WhiteElo "1982"]
[BlackElo "2037"]
[Annotator "NA RC"]
[PlyCount "94"]
[EventDate "2019.10.20"]
[EventType "swiss"]
[EventCountry "GCI"]
[SourceTitle "playchess.com"]
[Source "ChessBase"]
[SourceQuality "1"]
[TimeControl "40/6000+30:2400+30"]

1. e4 {[%emt 0:00:00]} e6 {[%emt 0:00:00]} 2. d4 {[%emt 0:00:00]} d5 {[%emt 0:00:00]} 3. e5 {[%emt 0:00:00]} c5 {[%emt 0:00:00]} 4. Nf3 {[%emt 0:00:00]} Nc6 {[%emt 0:00:12]} 5. Bd3 {[%emt 0:00:00]} cxd4 {[%emt 0:00:28]} 6. O-O {[%emt 0:00:10]} f6 {[%emt 0:00:18]} 7. Bf4 {[%emt 0:00:47]} g5 {[%emt 0:15:24]} 8. Bg3 {[%emt 0:00:56]} g4 {[%emt 0:01:30]} 9. Nfd2 {[%emt 0:06:48]} fxe5 {[%emt 0:06:01]} 10. Bb5 {[%emt 0:03:37]} Bd6 {[%emt 0:09:36]} 11. Qxg4 {[%emt 0:03:12]} Nf6 {[%emt 0:02:08]} 12. Qh4 {[%emt 0:05:30]} Qe7 {[%emt 0:12:13]} 13. Nf3 {[%emt 0:03:47]} Nd7 {[%emt 0:08:37]} 14. Qh6 {[%emt 0:01:02]} Qf7 {[%emt 0:07:47]} 15. Ng5 {[%emt 0:05:00]} Qg6 {[%emt 0:00:24]} 16. Qxg6+ {[%emt 0:00:12]} hxg6 {[%emt 0:00:07]} 17. Nd2 {[%emt 0:07:21]} Ke7 {[%emt 0:02:04]} 18. Ndf3 {[%emt 0:01:07]} Rh5 {[%emt 0:03:20]} 19. Bh4 {[%emt 0:17:48]} Nf6 {[%emt 0:06:24]} 20. Bxc6 {[%emt 0:04:52]} bxc6 {[%emt 0:00:19]} 21. g3 {[%emt 0:02:07]} c5 {[%emt 0:01:51]} 22. b4 {[%emt 0:01:32]} cxb4 {[%emt 0:03:11]} 23. Rfe1 {[%emt 0:00:40]} e4 {[%emt 0:02:35]} 24. Nxd4 {[%emt 0:00:38]} Bd7 {[%emt 0:00:55]} 25. f3 {[%emt 0:02:24]} Bc5 {[%emt 0:00:44]} 26. Rad1 {[%emt 0:00:35]} e5 {[%emt 0:03:00]} 27. fxe4 {[%emt 0:07:43]} Bxd4+ {[%emt 0:01:54]} 28. Rxd4 {[%emt 0:02:17]} exd4 {[%emt 0:00:25]} 29. e5 {[%emt 0:00:04]} Ng4 {[%emt 0:04:02]} 30. e6 {[%emt 0:01:55]} Bb5 {[%emt 0:01:11]} 31. Nf3+ {[%emt 0:02:47]} Rxh4 {[%emt 0:05:15]} 32. gxh4 {[%emt 0:00:20]} Rf8 {[%emt 0:01:29]} 33. Nxd4 {[%emt 0:00:18]} Ba4 {[%emt 0:00:52]} 34. h3 {[%emt 0:05:18]} Nf2 {[%emt 0:03:43]} 35. a3 {[%emt 0:07:32]} Nxh3+ {[%emt 0:01:44]} 36. Kh2 {[%emt 0:01:28]} Rf4 {[%emt 0:01:21]} 37. Ne2 {[%emt 0:01:24]} Re4 {[%emt 0:01:39]} 38. Kxh3 {[%emt 0:02:38]} Bb5 {[%emt 0:00:29]} 39. Rg1 {[%emt 0:03:06]} Rxe2 {[%emt 0:00:52]} 40. Rxg6 {[%emt 0:01:05]} Re3+ {[%emt 0:02:49]} 41. Kg4 {[%emt 0:40:29]} bxa3 {[%emt 0:41:24]} 42. Kf5 {[%emt 0:02:43]} a6 {[%emt 0:02:03]} 43. h5 {[%emt 0:02:33]} a2 {[%emt 0:00:00]} 44. Rg7+ {[%emt 0:00:00]} Kd6 {[%emt 0:00:00]} 45. Rg1 {[%emt 0:00:00]} Rf3+ {[%emt 0:00:00]} 46. Kg6 {[%emt 0:00:00]} Rf1 {[%emt 0:00:00]} 47. Rg4 Rf4 0-1

[Event "45th Guernsey Open 2019"]
[Site "Vale"]
[Date "2019.10.25"]
[Round "6.8"]
[White "Thurlow, Kevin J"]
[Black "Rosen, Daniel B"]
[Result "1-0"]
[WhiteElo "2021"]
[BlackElo "1990"]
[Annotator "NA"]
[PlyCount "83"]
[EventDate "2019.10.20"]
[EventType "swiss"]
[EventCountry "GCI"]
[SourceTitle "playchess.com"]
[Source "ChessBase"]
[SourceQuality "1"]
[TimeControl "40/6000+30:2400+30"]

1. c4 {[%emt 0:00:00]} e5 {[%emt 0:00:00]} 2. Nc3 {[%emt 0:00:00]} Nc6 {[%emt 0:00:21]} 3. e3 {[%emt 0:00:09]} d6 {[%emt 0:01:26]} 4. g3 {[%emt 0:00:51]} Be7 {[%emt 0:01:33]} 5. Bg2 {[%emt 0:00:05]} f5 {[%emt 0:02:50]} 6. Nge2 {[%emt 0:00:09]} Nf6 {[%emt 0:00:08]} 7. d4 {[%emt 0:00:22]} O-O {[%emt 0:00:22]} 8. Nd5 {[%emt 0:03:14]} Re8 {[%emt 0:17:32]} 9. O-O {[%emt 0:03:45]} Bf8 {[%emt 0:03:10]} 10. b4 {[%emt 0:03:23]} Ne7 {[%emt 0:03:24]} 11. Nxf6+ {[%emt 0:01:24]} gxf6 {[%emt 0:00:09]} 12. Bb2 {[%emt 0:00:32]} Be6 {[%emt 0:04:37]} 13. Qc2 {[%emt 0:04:23]} Bg7 {[%emt 0:07:17]} 14. b5 {[%emt 0:05:57]} Qc8 {[%emt 0:04:35]} 15. a4 {[%emt 0:06:48]} d5 {[%emt 0:06:01]} 16. cxd5 {[%emt 0:01:49]} Bxd5 {[%emt 0:00:39]} 17. e4 {[%emt 0:05:02]} Bxe4 {[%emt 0:03:59]} 18. Bxe4 {[%emt 0:02:53]} fxe4 {[%emt 0:00:09]} 19. dxe5 {[%emt 0:00:23]} f5 {[%emt 0:01:16]} 20. f4 {[%emt 0:07:30]} c6 {[%emt 0:05:53]} 21. Rac1 {[%emt 0:00:41]} a6 {[%emt 0:05:20]} 22. Nd4 {[%emt 0:09:59]} axb5 {[%emt 0:01:23]} 23. axb5 {[%emt 0:00:11]} Qb8 {[%emt 0:03:10]} 24. Qc4+ {[%emt 0:02:48]} Kh8 {[%emt 0:00:12]} 25. Ne6 {[%emt 0:01:17]} cxb5 {[%emt 0:01:50]} 26. Qxb5 {[%emt 0:00:38]} Qa7+ {[%emt 0:00:44]} 27. Bd4 {[%emt 0:00:22]} Qa4 {[%emt 0:00:26]} 28. Qb2 {[%emt 0:03:16]} Nc6 {[%emt 0:01:12]} 29. Nxg7 {[%emt 0:07:21]} Qxd4+ {[%emt 0:00:18]} 30. Qxd4 {[%emt 0:00:32]} Nxd4 {[%emt 0:00:08]} 31. Nxe8 {[%emt 0:02:20]} Ne2+ {[%emt 0:00:12]} 32. Kg2 {[%emt 0:00:09]} Nxc1 {[%emt 0:00:14]} 33. Nc7 {[%emt 0:02:02]} Ra2+ {[%emt 0:00:14]} 34. Kh3 {[%emt 0:00:11]} Rc2 {[%emt 0:05:49]} 35. Nd5 {[%emt 0:00:47]} Nd3 {[%emt 0:08:20]} 36. Ne3 {[%emt 0:02:23]} Re2 {[%emt 0:01:27]} 37. Nxf5 {[%emt 0:00:49]} Ne1 {[%emt 0:00:18]} 38. Nd4 {[%emt 0:02:29]} Re3 {[%emt 0:00:46]} 39. Kg4 {[%emt 0:02:49]} Kg8 {[%emt 0:01:05]} 40. f5 {[%emt 0:04:50]} Nd3 {[%emt 0:00:53]} 41. e6 {[%emt 0:42:10]} Kf8 {[%emt 0:42:27]} 42. f6 {[%emt 0:00:39]} 1-0

[Event "45th Guernsey Open 2019"]
[Site "Vale"]
[Date "2019.10.25"]
[Round "6.9"]
[White "White, Nigel"]
[Black "Pleasants, Allan J"]
[Result "0-1"]
[WhiteElo "1975"]
[BlackElo "2019"]
[Annotator "NA RC"]
[PlyCount "130"]
[EventDate "2019.10.20"]
[EventType "swiss"]
[EventCountry "GCI"]
[SourceTitle "playchess.com"]
[Source "ChessBase"]
[SourceQuality "1"]
[TimeControl "40/6000+30:2400+30"]

1. e4 {[%emt 0:00:00]} g6 {[%emt 0:00:00]} 2. d4 {[%emt 0:00:00]} Bg7 {[%emt 0:00:00]} 3. Nc3 {[%emt 0:00:08]} d6 {[%emt 0:00:01]} 4. Be3 {[%emt 0:00:38]} a6 {[%emt 0:00:45]} 5. Qd2 {[%emt 0:02:55]} b5 {[%emt 0:00:58]} 6. f3 {[%emt 0:01:14]} Nd7 {[%emt 0:01:49]} 7. h4 {[%emt 0:06:43]} h6 {[%emt 0:00:17] B06: Modern Defence} (7... h5 8. Nh3 Bb7 9. Ng5 Rc8 10. a4 b4 11. Bc4 e6 12. Ne2 c5 13. Ba2 a5 14. Rd1 c4 15. c3 b3 16. Bb1 Ne7 {1-0 (33) Smirin,I (2599)-Bortnyk,O (2602) Saint Louis 2019}) 8. Nge2 {[%emt 0:01:22]} Nb6 {[%emt 0:07:53]} 9. Ng3 $146 {[%emt 0:00:51]} ({Predecessor:} 9. Nf4 c6 10. a4 b4 11. Nd1 a5 12. Bd3 Qc7 13. Qf2 Nf6 14. c4 Nbd7 15. Ne2 {½-½ (30) Burke,M (1974)-Jaunooby,A (2186) Aberystwyth 2014}) 9... Nf6 {[%emt 0:16:15]} 10. h5 {[%emt 0:08:37]} g5 {[%emt 0:06:10]} 11. Bd3 {[%emt 0:05:49]} Rb8 {[%emt 0:06:29]} 12. Nce2 {[%emt 0:08:45]} c6 {[%emt 0:02:50]} 13. b3 {[%emt 0:06:47]} Qc7 {[%emt 0:05:01]} 14. c3 {[%emt 0:00:30]} c5 {[%emt 0:00:30]} 15. Kf2 {[%emt 0:00:30]} Be6 {[%emt 0:00:30]} 16. Bc2 {[%emt 0:00:30]} a5 {[%emt 0:00:30]} 17. Rac1 {[%emt 0:00:30]} a4 {[%emt 0:22:42]} 18. Ra1 Ra8 {[%emt 0:05:01]} 19. Rhc1 {[%emt 0:16:56]} Bd7 {[%emt 0:03:32]} 20. Ng1 {[%emt 0:04:14]} Bf8 {[%emt 0:02:38]} 21. Qe2 {[%emt 0:03:05]} e6 {[%emt 0:01:27]} 22. Qd2 {[%emt 0:04:58]} Be7 {[%emt 0:00:45]} 23. N1e2 {[%emt 0:00:28]} Bc6 {[%emt 0:02:42]} 24. Rh1 {[%emt 0:01:03]} Nfd7 {[%emt 0:02:38]} 25. Rhe1 {[%emt 0:06:09]} Bb7 {[%emt 0:01:16]} 26. Kg1 {[%emt 0:04:56]} Rg8 {[%emt 0:01:58]} 27. Nh1 {[%emt 0:02:38]} g4 {[%emt 0:02:50]} 28. f4 {[%emt 0:02:19]} g3 {[%emt 0:02:02]} 29. Nexg3 {[%emt 0:03:13]} Bh4 {[%emt 0:00:31]} 30. Bf2 {[%emt 0:00:13]} Nf6 {[%emt 0:00:42]} 31. f5 {[%emt 0:06:07]} Ng4 {[%emt 0:01:24]} 32. fxe6 {[%emt 0:00:36]} Nxf2 {[%emt 0:00:46]} 33. exf7+ {[%emt 0:01:26]} Qxf7 {[%emt 0:00:35]} 34. Qxf2 {[%emt 0:00:22]} Qg7 {[%emt 0:06:28]} 35. Kh2 {[%emt 0:00:37]} Qg5 {[%emt 0:01:42]} 36. Qe3 {[%emt 0:01:05]} Bxg3+ {[%emt 0:00:43]} 37. Nxg3 {[%emt 0:00:14]} Qh4+ {[%emt 0:00:05]} 38. Kg1 {[%emt 0:00:55]} Qxg3 {[%emt 0:00:09]} 39. Re2 {[%emt 0:06:54]} Qxe3+ {[%emt 0:01:07]} 40. Rxe3 {[%emt 0:00:01]} axb3 {[%emt 0:01:47]} 41. Bxb3 {[%emt 0:40:02]} c4 {[%emt 0:06:20]} 42. Bd1 {[%emt 0:00:00]} Bc6 {[%emt 0:03:57]} 43. Bf3 {[%emt 0:00:00]} Ra3 {[%emt 0:02:17]} 44. Kf2 {[%emt 0:00:00]} Na4 {[%emt 0:04:24]} 45. g4 {[%emt 0:00:00]} Rxc3 {[%emt 0:03:33]} 46. Rxc3 {[%emt 0:00:00]} Nxc3 {[%emt 0:00:08]} 47. Ke3 {[%emt 0:00:00]} Ke7 {[%emt 0:03:08]} 48. d5 {[%emt 0:00:00]} Bd7 {[%emt 0:00:50]} 49. Kd4 {[%emt 0:00:00]} Na4 {[%emt 0:01:01]} 50. Re1 {[%emt 0:00:00]} Kf6 {[%emt 0:09:27]} 51. Bd1 {[%emt 0:00:00]} Nb2 {[%emt 0:02:13]} 52. Be2 {[%emt 0:00:00]} Kg5 {[%emt 0:01:25]} 53. Rf1 {[%emt 0:00:00]} Nd3 {[%emt 0:01:57]} 54. Bxd3 {[%emt 0:00:00]} cxd3 {[%emt 0:00:11]} 55. Kxd3 {[%emt 0:00:00]} Bxg4 {[%emt 0:01:14]} 56. Kd4 {[%emt 0:00:00]} Kxh5 {[%emt 0:03:29]} 57. e5 {[%emt 0:00:00]} dxe5+ {[%emt 0:00:27]} 58. Kxe5 $19 {[%emt 0:00:00]} Kg5 {[%emt 0:00:34]} 59. Rb1 {[%emt 0:00:00]} Ra8 {[%emt 0:01:30]} 60. Rb2 {[%emt 0:00:00]} h5 {[%emt 0:00:49]} 61. Kd6 {[%emt 0:00:00]} h4 {[%emt 0:01:00]} 62. Kc7 {[%emt 0:00:00]} h3 {[%emt 0:01:28]} 63. d6 {[%emt 0:00:00]} Ra7+ {[%emt 0:00:39]} 64. Kc6 {[%emt 0:00:00]} Kh4 {[%emt 0:00:20]} 65. Kb6 {[%emt 0:01:00]} Rh7 {[%emt 0:01:13]} 0-1

[Event "45th Guernsey Open 2019"]
[Site "Vale"]
[Date "2019.10.25"]
[Round "6.10"]
[White "Strade, Arita"]
[Black "Coenen, Albert"]
[Result "1-0"]
[WhiteElo "1882"]
[BlackElo "1899"]
[Annotator "NA"]
[PlyCount "44"]
[EventDate "2019.10.20"]
[EventType "swiss"]
[EventCountry "GCI"]
[SourceTitle "playchess.com"]
[Source "ChessBase"]
[SourceQuality "1"]
[TimeControl "40/6000+30:2400+30"]

1. e4 {[%emt 0:00:00]} Nf6 {[%emt 0:00:00]} 2. e5 {[%emt 0:00:14]} Nd5 {[%emt 0:00:00]} 3. d4 {[%emt 0:00:22]} d6 {[%emt 0:00:00]} 4. c4 {[%emt 0:00:53]} Nb6 {[%emt 0:00:00]} 5. exd6 {[%emt 0:00:54]} exd6 {[%emt 0:00:05]} 6. Nc3 {[%emt 0:00:29]} Be7 {[%emt 0:00:51]} 7. Be3 {[%emt 0:03:29]} Nc6 {[%emt 0:01:02]} 8. Rc1 {[%emt 0:02:03]} Bf5 {[%emt 0:01:19]} 9. b3 {[%emt 0:07:24]} O-O {[%emt 0:00:55]} 10. Bd3 {[%emt 0:00:45]} Bxd3 {[%emt 0:07:19]} 11. Qxd3 {[%emt 0:00:07]} Bg5 {[%emt 0:01:24]} 12. f4 {[%emt 0:03:44]} Bf6 {[%emt 0:07:13]} 13. Nf3 {[%emt 0:07:28]} Re8 {[%emt 0:07:09]} 14. O-O {[%emt 0:02:44]} Qd7 {[%emt 0:06:28]} 15. Bf2 {[%emt 0:08:24]} Re7 {[%emt 0:07:04]} 16. Ne4 {[%emt 0:04:50]} Qf5 {[%emt 0:07:03]} 17. Nxf6+ {[%emt 0:01:04]} Qxf6 {[%emt 0:00:06]} 18. d5 {[%emt 0:12:26]} Qxf4 {[%emt 0:05:24]} 19. dxc6 {[%emt 0:01:33]} bxc6 {[%emt 0:00:05]} 20. c5 {[%emt 0:02:10]} Nd5 {[%emt 0:00:55]} 21. cxd6 {[%emt 0:02:37]} cxd6 {[%emt 0:00:14]} 22. Rxc6 {[%emt 0:01:41]} Ree8 1-0